Statistiche per Stati per densità di popolazione

Clicka qui per fare il quiz!

Statistiche generali

  • Questo quiz è stato fatto 23 volte
  • Il punteggio medio è 11 su 20

Statistiche sulle risposte

Densità di popolazione (ab./km^2)Stato% Corretto
403India
91%
15 470Principato di Monaco
91%
2 272Città del Vaticano
86%
561San Marino
86%
8 634Singapore
82%
1 328Maldive
64%
1 095Bangladesh
59%
656Taiwan
59%
1 980Bahrein
55%
519Corea del Sud
55%
430Isole Marshall
45%
1 447Malta
45%
676Mauritius
45%
465Nauru
45%
685Barbados
41%
415Paesi Bassi
41%
436Tuvalu
41%
426Burundi
32%
482Ruanda
32%
525Libano
27%

Distribuzione punteggi

Percentile per numero di risposta

Percentuale di utenti per punteggio

I tuoi punteggi nel tempo

Non hai fatto questo quiz